Design and validation of sixteen single nucleotide polymorphism to investigate plastid DNA sequence variation in Noccaea caerulescens (Brassicaceae)
Saved in:
| Main Authors: | , |
|---|---|
| Format: | Article (Journal) |
| Language: | English |
| Published: |
2017
|
| In: |
Conservation genetics resources
Year: 2016, Volume: 29, Issue: 1, Pages: 67-71 |
| ISSN: | 1877-7260 |
| DOI: | 10.1007/s12686-016-0622-z |
| Online Access: | Verlag, Volltext: http://dx.doi.org/10.1007/s12686-016-0622-z |
| Author Notes: | Cédric Gonneau, Nausicaa Noret, Cécile Godé, Jonathan Kitt, Catherine Sirguey, Thibault Sterckeman, Marcus A. Koch, Maxime Pauwels |
MARC
| LEADER | 00000caa a2200000 c 4500 | ||
|---|---|---|---|
| 001 | 1554875668 | ||
| 003 | DE-627 | ||
| 005 | 20220813142444.0 | ||
| 007 | cr uuu---uuuuu | ||
| 008 | 170307r20172016xx |||||o 00| ||eng c | ||
| 024 | 7 | |a 10.1007/s12686-016-0622-z |2 doi | |
| 035 | |a (DE-627)1554875668 | ||
| 035 | |a (DE-576)484875663 | ||
| 035 | |a (DE-599)BSZ484875663 | ||
| 035 | |a (OCoLC)1340960970 | ||
| 040 | |a DE-627 |b ger |c DE-627 |e rda | ||
| 041 | |a eng | ||
| 084 | |a 32 |2 sdnb | ||
| 100 | 1 | |a Gonneau, Cédric |e VerfasserIn |4 aut | |
| 245 | 1 | 0 | |a Design and validation of sixteen single nucleotide polymorphism to investigate plastid DNA sequence variation in Noccaea caerulescens (Brassicaceae) |c Cédric Gonneau, Nausicaa Noret, Cécile Godé, Jonathan Kitt, Catherine Sirguey, Thibault Sterckeman, Marcus A. Koch, Maxime Pauwels |
| 264 | 1 | |c 2017 | |
| 300 | |b 1 Illustration | ||
| 300 | |a 5 | ||
| 336 | |a Text |b txt |2 rdacontent | ||
| 337 | |a Computermedien |b c |2 rdamedia | ||
| 338 | |a Online-Ressource |b cr |2 rdacarrier | ||
| 500 | |a Published online: 17 September 2016 | ||
| 500 | |a Gesehen am 07.03.2017 | ||
| 500 | |a First online: 17 September 2016 | ||
| 534 | |c 2016 | ||
| 700 | 1 | |a Koch, Marcus |d 1967- |e VerfasserIn |0 (DE-588)1064838111 |0 (DE-627)815208901 |0 (DE-576)424179377 |4 aut | |
| 773 | 0 | 8 | |i Enthalten in |t Conservation genetics resources |d Dordrecht : Springer Netherlands, 2009 |g 29(2017), 1, Seite 67-71 |h Online-Ressource |w (DE-627)606030891 |w (DE-600)2508018-0 |w (DE-576)309846560 |x 1877-7260 |7 nnas |a Design and validation of sixteen single nucleotide polymorphism to investigate plastid DNA sequence variation in Noccaea caerulescens (Brassicaceae) |
| 773 | 1 | 8 | |g volume:29 |g year:2017 |g number:1 |g pages:67-71 |g extent:5 |a Design and validation of sixteen single nucleotide polymorphism to investigate plastid DNA sequence variation in Noccaea caerulescens (Brassicaceae) |
| 856 | 4 | 0 | |u http://dx.doi.org/10.1007/s12686-016-0622-z |x Verlag |x Resolving-System |3 Volltext |
| 951 | |a AR | ||
| 992 | |a 20170307 | ||
| 993 | |a Article | ||
| 994 | |a 2017 | ||
| 998 | |g 1064838111 |a Koch, Marcus |m 1064838111:Koch, Marcus |d 700000 |d 721000 |d 700000 |d 729400 |e 700000PK1064838111 |e 721000PK1064838111 |e 700000PK1064838111 |e 729400PK1064838111 |k 0/700000/ |k 1/700000/721000/ |k 0/700000/ |k 1/700000/729400/ |p 7 | ||
| 999 | |a KXP-PPN1554875668 |e 2957655888 | ||
| BIB | |a Y | ||
| SER | |a journal | ||
| JSO | |a {"relHost":[{"recId":"606030891","part":{"issue":"1","pages":"67-71","volume":"29","text":"29(2017), 1, Seite 67-71","year":"2017","extent":"5"},"title":[{"title":"Conservation genetics resources","title_sort":"Conservation genetics resources"}],"id":{"issn":["1877-7260"],"zdb":["2508018-0"],"eki":["606030891"]},"type":{"media":"Online-Ressource","bibl":"periodical"},"note":["Gesehen am 20.11.2019"],"physDesc":[{"extent":"Online-Ressource"}],"origin":[{"dateIssuedKey":"2009","publisher":"Springer Netherlands ; Springer","publisherPlace":"Dordrecht ; Berlin ; Heidelberg","dateIssuedDisp":"2009-"}],"language":["eng"],"pubHistory":["1.2009 -"],"disp":"Design and validation of sixteen single nucleotide polymorphism to investigate plastid DNA sequence variation in Noccaea caerulescens (Brassicaceae)Conservation genetics resources"}],"type":{"bibl":"article-journal","media":"Online-Ressource"},"note":["Published online: 17 September 2016","Gesehen am 07.03.2017","First online: 17 September 2016"],"person":[{"role":"aut","family":"Gonneau","given":"Cédric","display":"Gonneau, Cédric"},{"family":"Koch","role":"aut","given":"Marcus","display":"Koch, Marcus"}],"physDesc":[{"noteIll":"1 Illustration","extent":"5 S."}],"recId":"1554875668","name":{"displayForm":["Cédric Gonneau, Nausicaa Noret, Cécile Godé, Jonathan Kitt, Catherine Sirguey, Thibault Sterckeman, Marcus A. Koch, Maxime Pauwels"]},"title":[{"title_sort":"Design and validation of sixteen single nucleotide polymorphism to investigate plastid DNA sequence variation in Noccaea caerulescens (Brassicaceae)","title":"Design and validation of sixteen single nucleotide polymorphism to investigate plastid DNA sequence variation in Noccaea caerulescens (Brassicaceae)"}],"origin":[{"dateIssuedKey":"2017","dateIssuedDisp":"2017"}],"language":["eng"],"id":{"eki":["1554875668"],"doi":["10.1007/s12686-016-0622-z"]}} | ||
| SRT | |a GONNEAUCEDDESIGNANDV2017 | ||